000 00560nam a22001697a 4500
008 160819b xxu||||| |||| 00| 0 eng d
020 _a1-932409-43-2
082 _aDC 512 H11 2005
100 _913164
_aHadley, William S.
245 _aBridge to algebra:
_bcognitive tutor student text/
_cWilliam S. Hadley and Mary Lynn Raith.
260 _aPittsburgh, PA:
_bCarnegie Learning,
_cc2005.
300 _ax, 521 pages:
_billustrations;
_c28 cm.
500 _aIncludes index.
650 0 _913166
_aAlgebra.
700 _913165
_aRaith, Mary Lynn.
942 _2ddc
_cDC
999 _c3935
_d3935